Famous Works by Beethoven - Statistics

General Stats
  • This quiz has been taken 187 times
  • The average score is 7 of 12
Answer Stats
Hint Answer % Correct
Nickname of Piano Sonata No. 14 Moonlight
92%
Bagatelle addressed to an uncertain lady Für Elise
82%
Name of the poem used in Symphony No. 9 Ode to Joy
82%
Nickname of Symphony No. 3 Eroica
77%
His only opera Fidelio
64%
Nickname of his Piano Sonata No. 23 Appassionata
61%
Nickname of Piano Concerto No. 5 Emperor
61%
Nickname of Violin Sonata No. 9 Kreutzer
36%
His most famous setting of the mass Missa Solemnis
32%
His most famous set of variations Diabelli Variations
30%
Nickname of his best known piano trio (in B♭, Op. 97) Archduke
22%
The original last movement for String Quartet No. 13 Große Fuge
22%
No matching quizzes found
Score Distribution
Percent of People with Each Score
Percentile by Number Answered
Your Score History
You have not taken this quiz